Language Quiz

Random Language or Letter Quiz

2 Words, Same 6 Letters Quiz Stats

 Plays Quiz Updated Jan 14, 2016

Challenge
Share
Tweet
Embed
Score 0/48 Timer 10:00
0 Plays Today
6-Letter Word Anagram % Correct
trucksstruck
67.2%
rebuffbuffer
66.1%
dipperripped
65.2%
gooberbooger
65%
emoteddemote
63.5%
mobbedbombed
63.2%
voideddevoid
62.7%
dapperrapped
60.7%
riggeddigger
59.2%
tastesstates
59%
latterrattle
58.6%
formeddeform
57.3%
riffeddiffer
55.5%
dogleglogged
53.7%
tabletbattle
50.9%
eighthheight
50.4%
calkedlacked
49%
citriccritic
47.6%
rampeddamper
46.9%
farmerframer
45.7%
upholdholdup
44.7%
adverbbraved
40.3%
piquesequips
37.3%
misersremiss
37.2%
6-Letter Word Anagram % Correct
waningawning
35.8%
cantoncannot
32.4%
dietededited
30.8%
binarybrainy
30.5%
scythechesty
30.1%
rumblelumber
29.7%
caimanmaniac
29%
leviedveiled
28.2%
comicscosmic
25.6%
unwaryrunway
25%
amusesassume
22.3%
fistedsifted
21.2%
outmanamount
20.6%
atoneddonate
17%
atollsallots
16.9%
neighshinges
15.6%
parrotraptor
15%
armingmargin
14.5%
airmanmarina
12.5%
nodulelouden
10.4%
simpleimpels
8%
cartopcaptor
7.8%
sutureuterus
6.1%
puresterupts
3.9%

You're not logged in!

Compare scores with friends on all Sporcle quizzes.
OR
Log In

You Might Also Like...

Show Comments

Extras

Top Quizzes Today


Score Distribution

Your Account Isn't Verified!

In order to create a playlist on Sporcle, you need to verify the email address you used during registration. Go to your Sporcle Settings to finish the process.

Report this User

Report this user for behavior that violates our Community Guidelines.

Details: